[Event "43rd Rubinstein Memorial"]
[Site "Polanica Zdroj POL"]
[Date "2007.08.18"]
[Round "1"]
[White "Atalik, Suat"]
[Black "Gajewski, Grzegorz"]
[WhiteElo "2543"]
[BlackElo "2344"]
[Result "1/2-1/2"]
[EventDate "2007.08.18"]
[PlyCount "45"]
1. d4 Nf6 2. c4 e6 3. Nf3 c5 4. d5 b5 5. dxe6 fxe6 6. cxb5 d5 7. g3 a6 8. bxa6 Nc6 9. Bh3 Bd6 10. O-O O-O 11. Nc3 Qe8 12. Nb5 Bb8 13. a4 Rxa6 14. b3 Qh5 15. Bg2 e5 16. Ba3 e4 17. Bxc5 Rd8 18. Nd2 Ng4 19. h3 Nge5 20. Kh2 Ng4+ 21. Kg1 Nge5 22. Kh2 Ng4+ 23. Kg1 1/2-1/2

[Event "43rd Rubinstein Memorial"]
[Site "Polanica Zdroj POL"]
[Date "2007.08.18"]
[Round "1"]
[White "Czarnota, Pawel"]
[Black "Bartel, Mateusz"]
[WhiteElo "2140"]
[BlackElo "2392"]
[Result "0-1"]
[EventDate "2007.08.18"]
[PlyCount "80"]
1. e4 e5 2. Nf3 Nc6 3. Bb5 a6 4. Ba4 Nf6 5. O-O Be7 6. d3 b5 7. Bb3 O-O 8. Nc3 d6 9. h3 Bb7 10. a3 Nd4 11. Nxd4 exd4 12. Ne2 c5 13. c3 dxc3 14. Nxc3 d5 15. e5 Nd7 16. d4 cxd4 17. Qxd4 Nc5 18. Bc2 Ne6 19. Qd3 g6 20. Re1 Rc8 21. Bd1 d4 22. Ne4 Bxe4 23. Qxe4 d3 24. Bh6 d2 25. Rf1 Re8 26. Qe3 g5 27. h4 Qd4 28. Qg3 Rc5 29. Bb3 Rxe5 30. Bxe6 Rxe6 31. Bxg5 Bxg5 32. Qxg5+ Rg6 33. Qh5 Re4 34. Qf3 Rxh4 35. b4 Rhg4 36. Rad1 h5 37. Kh1 Rxg2 38. Qxg2 Rxg2 39. Kxg2 Qg4+ 40. Kh2 Qf3 0-1

[Event "43rd Rubinstein Memorial"]
[Site "Polanica Zdroj POL"]
[Date "2007.08.18"]
[Round "1"]
[White "Kuzubov, Yuriy"]
[Black "Laznicka, Viktor"]
[WhiteElo "2663"]
[BlackElo "2045"]
[Result "1-0"]
[EventDate "2007.08.18"]
[PlyCount "73"]
1. d4 d5 2. c4 e6 3. Nf3 Nf6 4. e3 Be7 5. b3 O-O 6. Bd3 c5 7. O-O cxd4 8. exd4 Nc6 9. Bb2 Nb4 10. Be2 b6 11. a3 Nc6 12. Bd3 Bb7 13. Nbd2 Rc8 14. Rc1 dxc4 15. bxc4 Qd6 16. Qe2 Rfd8 17. Rfd1 Bf8 18. Ne4 Nxe4 19. Bxe4 g6 20. d5 exd5 21. Bxd5 Qe7 22. Qd2 Bg7 23. Re1 Qf8 24. Ng5 Rd7 25. Bxg7 Qxg7 26. Qf4 Na5 27. Ne4 Kh8 28. Nd6 Bxd5 29. Nxc8 Be6 30. Nxa7 Qd4 31. Qxd4+ Rxd4 32. c5 bxc5 33. Rxc5 Ra4 34. Nb5 Nc4 35. Nd4 Bg4 36. h3 Nxa3 37. Rd5 1-0

[Event "43rd Rubinstein Memorial"]
[Site "Polanica Zdroj POL"]
[Date "2007.08.19"]
[Round "2"]
[White "Bartel, Mateusz"]
[Black "Andriasian, Zaven"]
[WhiteElo "2392"]
[BlackElo "2622"]
[Result "1/2-1/2"]
[EventDate "2007.08.18"]
[PlyCount "42"]
1. e4 c5 2. Nf3 d6 3. d4 cxd4 4. Nxd4 Nf6 5. Nc3 a6 6. Be3 e5 7. Nb3 Be7 8. Qd2 O-O 9. O-O-O Be6 10. f4 Nbd7 11. f5 Bxb3 12. axb3 b5 13. g4 Nxg4 14. Rg1 Nxe3 15. Qxe3 Kh8 16. Nd5 Nf6 17. Kb1 Rc8 18. b4 Nxd5 19. Rxd5 Qc7 20. c3 Ra8 21. Be2 Rfb8 1/2-1/2

[Event "43rd Rubinstein Memorial"]
[Site "Polanica Zdroj POL"]
[Date "2007.08.19"]
[Round "2"]
[White "Buhmann, Rainer"]
[Black "Laznicka, Viktor"]
[WhiteElo "2444"]
[BlackElo "2045"]
[Result "1/2-1/2"]
[EventDate "2007.08.18"]
[PlyCount "171"]
1. Nf3 d5 2. d4 Nf6 3. c4 e6 4. g3 dxc4 5. Bg2 Nc6 6. Qa4 Bb4+ 7. Bd2 Nd5 8. Bxb4 Ndxb4 9. O-O a6 10. Ne5 O-O 11. Nxc6 Nxc6 12. Bxc6 bxc6 13. Qxc4 Rb8 14. Nc3 Rxb2 15. Rab1 Rb6 16. Qc5 h6 17. a4 Rxb1 18. Rxb1 Qd6 19. Ne4 Qd5 20. Qxd5 cxd5 21. Nc5 Re8 22. Rb8 Kf8 23. f4 Ke7 24. a5 f6 25. Kf2 h5 26. Ke3 Rf8 27. Kd2 g5 28. h4 gxh4 29. gxh4 Re8 30. Ra8 Rf8 31. Kc3 Re8 32. Kb4 Rf8 33. Ra7 Kd6 34. Ra8 Ke7 35. e3 Re8 36. Ra7 Kd6 37. Nxa6 Bxa6 38. Rxa6+ c6 39. Rb6 Rg8 40. a6 Rg1 41. Rb7 Ra1 42. Ra7 f5 43. Ra8 Kc7 44. a7 Kb6 45. Rh8 Rxa7 46. Rxh5 Ra2 47. Rh8 Rb2+ 48. Kc3 Re2 49. Kd3 Re1 50. h5 Rd1+ 51. Kc3 Rc1+ 52. Kd2 Rh1 53. Rb8+ Ka5 54. Re8 Rxh5 55. Rxe6 Kb5 56. Kd3 Kb6 57. Re7 Rh8 58. Rf7 Rh5 59. Kc3 Rh3 60. Re7 Rh2 61. Re5 Rh5 62. Kb4 Rh3 63. Re8 Rg3 64. Kc3 Rh3 65. Kd3 Rh7 66. Rf8 Rh5 67. Rf7 Kb5 68. Rb7+ Ka6 69. Rb8 Rh7 70. Ke2 Ka7 71. Rf8 Rh5 72. Rg8 Rh7 73. Rg5 Rf7 74. Rg6 Kb6 75. Re6 Rh7 76. Re5 Rh5 77. Kd3 Kc7 78. Re6 Kb6 79. Rg6 Rh7 80. Rg5 Rf7 81. Rh5 Kb5 82. Rh6 Rf8 83. Rh7 Kb6 84. Ke2 Kb5 85. Re7 Rh8 86. Kd3 1/2-1/2

[Event "43rd Rubinstein Memorial"]
[Site "Polanica Zdroj POL"]
[Date "2007.08.19"]
[Round "2"]
[White "Gajewski, Grzegorz"]
[Black "Czarnota, Pawel"]
[WhiteElo "2344"]
[BlackElo "2140"]
[Result "1-0"]
[EventDate "2007.08.18"]
[PlyCount "99"]
1. d4 Nf6 2. c4 g6 3. g3 Bg7 4. Bg2 d6 5. Nf3 O-O 6. O-O Nbd7 7. Nc3 e5 8. h3 c6 9. e4 h6 10. Be3 Qe7 11. Qc2 Ne8 12. Rad1 Nc7 13. b4 a5 14. b5 exd4 15. Nxd4 Ne5 16. Na4 c5 17. Ne2 Be6 18. Nb6 Rad8 19. Nf4 Nd7 20. Nxd7 Rxd7 21. b6 Na6 22. a3 Kh7 23. h4 Nb8 24. Nd5 Qd8 25. Nc7 Qe7 26. e5 Bxe5 27. Bxb7 Bg4 28. Rde1 Rxc7 29. bxc7 Qxc7 30. Bg2 Bg7 31. h5 Nc6 32. hxg6+ fxg6 33. f4 Nd4 34. Bxd4 Bxd4+ 35. Kh2 Rf5 36. Be4 Rh5+ 37. Kg2 Qf7 38. Rh1 Rxh1 39. Kxh1 Qe6 40. Kh2 Kg7 41. Rb1 h5 42. Qd3 Kh6 43. Bd5 Qe8 44. Qd2 Qa4 45. f5+ g5 46. Rb6 Be5 47. Be4 Qd7 48. Qd5 Qe7 49. Rb7 Qf6 50. Rf7 1-0

[Event "43rd Rubinstein Memorial"]
[Site "Polanica Zdroj POL"]
[Date "2007.08.19"]
[Round "2"]
[White "Markowski, Tomasz"]
[Black "Atalik, Suat"]
[WhiteElo "2595"]
[BlackElo "2543"]
[Result "1/2-1/2"]
[EventDate "2007.08.18"]
[PlyCount "91"]
1. g3 e5 2. c4 Nf6 3. Bg2 d5 4. cxd5 Nxd5 5. Nf3 Nc6 6. O-O Nb6 7. Nc3 Be7 8. d3 Be6 9. a3 O-O 10. b4 a5 11. b5 Nd4 12. Rb1 Nxf3+ 13. Bxf3 Rb8 14. Qc2 Bd6 15. Bb2 Qe7 16. Ne4 f5 17. Nxd6 cxd6 18. Qd2 Ra8 19. Bc3 a4 20. Bg2 Nd5 21. Bb2 Qd7 22. Rfc1 Rfc8 23. Rxc8+ Rxc8 24. Qa5 Rc5 25. Qxa4 Rxb5 26. Qd1 Nf6 27. Bc3 Bd5 28. Bh3 Rxb1 29. Qxb1 Qc6 30. Bd2 g6 31. Qb4 Kf7 32. Bg5 h5 33. Bf1 Qc5 34. Bd2 Bc6 35. Qb3+ Bd5 36. Qb2 Ng4 37. Be1 Bc6 38. h3 Qd5 39. f3 Ne3 40. Qb6 Nxf1 41. Qc7+ Ke8 42. Kxf1 e4 43. Qc8+ Kf7 44. Qc7+ Ke8 45. Qc8+ Kf7 46. Qc7+ 1/2-1/2

[Event "43rd Rubinstein Memorial"]
[Site "Polanica Zdroj POL"]
[Date "2007.08.19"]
[Round "2"]
[White "Socko, Bartosz"]
[Black "Kuzubov, Yuriy"]
[WhiteElo "2557"]
[BlackElo "2663"]
[Result "1-0"]
[EventDate "2007.08.18"]
[PlyCount "61"]
1. d4 d5 2. c4 c6 3. Nf3 Nf6 4. e3 Bg4 5. Nc3 e6 6. Qb3 Qb6 7. c5 Qc7 8. Ne5 Bf5 9. f4 Nbd7 10. Be2 Nxe5 11. fxe5 Nd7 12. O-O b6 13. cxb6 axb6 14. Bf3 Be7 15. e4 dxe4 16. Nxe4 O-O 17. Bf4 Rac8 18. Rac1 c5 19. Nd6 Bxd6 20. exd6 Qa7 21. g4 Bg6 22. Qb5 Nf6 23. a4 Nd5 24. Bxd5 exd5 25. d7 Ra8 26. Qc6 Qa5 27. Qxd5 h6 28. Rfe1 Qb4 29. Bd6 Rfd8 30. Bc7 Qxa4 31. Ra1 1-0

[Event "43rd Rubinstein Memorial"]
[Site "Polanica Zdroj POL"]
[Date "2007.08.20"]
[Round "3"]
[White "Andriasian, Zaven"]
[Black "Gajewski, Grzegorz"]
[WhiteElo "2622"]
[BlackElo "2344"]
[Result "1/2-1/2"]
[EventDate "2007.08.18"]
[PlyCount "27"]
1. Nf3 Nf6 2. d4 d5 3. c4 e6 4. g3 Bb4+ 5. Bd2 a5 6. Bg2 dxc4 7. Bxb4 axb4 8. Ne5 O-O 9. O-O Nc6 10. Bxc6 bxc6 11. Nxc4 Qd5 12. Ne3 Qd6 13. Nc4 Qd5 14. Ne3 1/2-1/2

[Event "43rd Rubinstein Memorial"]
[Site "Polanica Zdroj POL"]
[Date "2007.08.20"]
[Round "3"]
[White "Atalik, Suat"]
[Black "Buhmann, Rainer"]
[WhiteElo "2543"]
[BlackElo "2444"]
[Result "1/2-1/2"]
[EventDate "2007.08.18"]
[PlyCount "68"]
1. d4 d5 2. c4 c6 3. Nc3 Nf6 4. e3 a6 5. Nf3 b5 6. b3 Bg4 7. Be2 e6 8. Bb2 Bd6 9. h3 Bh5 10. O-O Nbd7 11. Ne5 Bxe2 12. Nxe2 bxc4 13. bxc4 O-O 14. Rc1 Qb8 15. Nxd7 Nxd7 16. Ba1 Rc8 17. Nc3 Nf6 18. Qe2 Qa7 19. Rc2 h6 20. Rb1 Rab8 21. Rb3 c5 22. Na4 Rxb3 23. axb3 cxd4 24. Bxd4 Qb7 25. Nb6 Rc6 26. cxd5 Rxc2 27. Qxc2 Nxd5 28. Nxd5 Qxd5 29. Qc8+ Kh7 30. Qxa6 e5 31. Ba7 Qd1+ 32. Kh2 e4+ 33. g3 Qf3 34. Qxd6 Qxf2+ 1/2-1/2

[Event "43rd Rubinstein Memorial"]
[Site "Polanica Zdroj POL"]
[Date "2007.08.21"]
[Round "4"]
[White "Atalik, Suat"]
[Black "Czarnota, Pawel"]
[WhiteElo "2543"]
[BlackElo "2140"]
[Result "1/2-1/2"]
[EventDate "2007.08.18"]
[PlyCount "54"]
1. d4 Nf6 2. c4 g6 3. Nc3 Bg7 4. e4 d6 5. Bd3 O-O 6. Nge2 c5 7. d5 e6 8. h3 exd5 9. exd5 Nfd7 10. f4 f5 11. O-O Re8 12. Bd2 Na6 13. Qb3 Nb4 14. Bb1 b5 15. cxb5 Nb6 16. a3 N4xd5 17. Nxd5 Be6 18. Nec3 c4 19. Qd1 Nxd5 20. Nxd5 Bxd5 21. Ba5 Qxa5 22. Qxd5+ Kh8 23. Qxc4 Qd2 24. Bd3 Rac8 25. Qb3 Re3 26. Rad1 Qxb2 27. Qxb2 Bxb2 1/2-1/2

[Event "43rd Rubinstein Memorial"]
[Site "Polanica Zdroj POL"]
[Date "2007.08.21"]
[Round "4"]
[White "Bartel, Mateusz"]
[Black "Laznicka, Viktor"]
[WhiteElo "2392"]
[BlackElo "2045"]
[Result "1/2-1/2"]
[EventDate "2007.08.18"]
[PlyCount "123"]
1. d4 Nf6 2. c4 e6 3. Nf3 d5 4. Nc3 Bb4 5. Qa4+ Nc6 6. Ne5 Bd7 7. Nxd7 Nxd7 8. e3 Nb6 9. Qb3 dxc4 10. Bxc4 Nxc4 11. Qxc4 Qd5 12. Qxd5 Bxc3+ 13. bxc3 exd5 14. f3 Kd7 15. Rb1 b6 16. Rb5 Ne7 17. e4 Rhe8 18. O-O f6 19. Ba3 a6 20. Rbb1 Nc6 21. Rbe1 Na5 22. g4 Nc4 23. Bc1 Re7 24. exd5 Rae8 25. Rxe7+ Rxe7 26. Kf2 Kd6 27. Re1 Rxe1 28. Kxe1 Kxd5 29. Ke2 c5 30. dxc5 bxc5 31. h4 Ne5 32. Bf4 Ng6 33. Bg3 Kc4 34. Kd2 Ne7 35. Bd6 Nd5 36. Bf8 g6 37. Bg7 Nxc3 38. Bxf6 Nxa2 39. f4 Kd5 40. f5 gxf5 41. gxf5 Nb4 42. Bc3 Kd6 43. Bg7 Ke7 44. Kc3 Nd5+ 45. Kd3 c4+ 46. Kd4 Kf7 47. Be5 Ne7 48. Ke4 h5 49. Bc3 Nc8 50. Kd5 Nb6+ 51. Kd4 Na4 52. Bd2 Kf6 53. Kxc4 Kxf5 54. Bg5 Nb2+ 55. Kb4 Nd3+ 56. Ka5 Ne5 57. Kxa6 Nf3 58. Bd8 Kg4 59. Kb5 Nxh4 60. Kc4 Nf3 61. Kd3 h4 62. Bxh4 1/2-1/2

[Event "43rd Rubinstein Memorial"]
[Site "Polanica Zdroj POL"]
[Date "2007.08.21"]
[Round "4"]
[White "Buhmann, Rainer"]
[Black "Socko, Bartosz"]
[WhiteElo "2444"]
[BlackElo "2557"]
[Result "1/2-1/2"]
[EventDate "2007.08.18"]
[PlyCount "29"]
1. Nf3 Nf6 2. c4 e6 3. g3 a6 4. Bg2 b5 5. b3 c5 6. O-O Bb7 7. Nc3 Qb6 8. e3 Be7 9. Bb2 d6 10. Qe2 b4 11. Na4 Qc7 12. d3 O-O 13. Nd2 Bxg2 14. Kxg2 Nfd7 15. Rad1 1/2-1/2

[Event "43rd Rubinstein Memorial"]
[Site "Polanica Zdroj POL"]
[Date "2007.08.21"]
[Round "4"]
[White "Gajewski, Grzegorz"]
[Black "Kuzubov, Yuriy"]
[WhiteElo "2344"]
[BlackElo "2663"]
[Result "1/2-1/2"]
[EventDate "2007.08.18"]
[PlyCount "57"]
1. d4 Nf6 2. c4 e6 3. Nf3 Bb4+ 4. Bd2 Qe7 5. Nc3 Bxc3 6. Bxc3 Ne4 7. Qc2 Nxc3 8. Qxc3 O-O 9. e4 d6 10. Bd3 Nd7 11. e5 c5 12. exd6 Qxd6 13. O-O b6 14. Rad1 Nf6 15. dxc5 Qxc5 16. b4 Qe7 17. c5 a5 18. b5 bxc5 19. Rc1 Rd8 20. Ne5 Bb7 21. Qxc5 Qxc5 22. Rxc5 Nd7 23. Nxd7 Rxd7 24. Be2 Kf8 25. Bf3 Bxf3 26. gxf3 a4 27. Rb1 Ke7 28. b6 Rb7 29. Rc7+ 1/2-1/2

[Event "43rd Rubinstein Memorial"]
[Site "Polanica Zdroj POL"]
[Date "2007.08.21"]
[Round "4"]
[White "Markowski, Tomasz"]
[Black "Andriasian, Zaven"]
[WhiteElo "2595"]
[BlackElo "2622"]
[Result "0-1"]
[EventDate "2007.08.18"]
[PlyCount "68"]
1. g3 e5 2. c4 h5 3. Nf3 e4 4. Nh4 Be7 5. Nf5 d6 6. Nxe7 Qxe7 7. Nc3 Nf6 8. Bg2 h4 9. d3 exd3 10. Qxd3 h3 11. Bf3 Nc6 12. O-O Ne5 13. Qd1 Nxf3+ 14. exf3 Be6 15. Bg5 O-O-O 16. Re1 Qd7 17. Ne4 Nxe4 18. Bxd8 Nc5 19. Bg5 Qc6 20. Rc1 Rh5 21. Be7 Nd7 22. Rc3 b6 23. Ree3 Ne5 24. Bf8 Bg4 25. Bxg7 Nxf3+ 26. Rxf3 Rf5 27. Qd3 Rxf3 28. Qd5 Qxd5 29. cxd5 Rf5 30. Kf1 Rxd5 31. f3 Be6 32. Ke1 Rg5 33. Bf8 Kd7 34. g4 Rg6 0-1

[Event "43rd Rubinstein Memorial"]
[Site "Polanica Zdroj POL"]
[Date "2007.08.22"]
[Round "5"]
[White "Andriasian, Zaven"]
[Black "Atalik, Suat"]
[WhiteElo "2622"]
[BlackElo "2543"]
[Result "1/2-1/2"]
[EventDate "2007.08.18"]
[PlyCount "41"]
1. e4 e5 2. Nf3 Nc6 3. Bc4 Bc5 4. c3 Nf6 5. d3 d6 6. O-O Bb6 7. Bb3 Ne7 8. Nbd2 Ng6 9. d4 O-O 10. Re1 Qe7 11. Nc4 h6 12. a4 c6 13. Nxb6 axb6 14. h3 b5 15. Bd2 bxa4 16. Rxa4 Be6 17. Rxa8 Rxa8 18. Bc2 Ra2 19. Qb1 Ra8 20. Qd1 Ra2 21. Qb1 1/2-1/2

[Event "43rd Rubinstein Memorial"]
[Site "Polanica Zdroj POL"]
[Date "2007.08.22"]
[Round "5"]
[White "Czarnota, Pawel"]
[Black "Buhmann, Rainer"]
[WhiteElo "2140"]
[BlackElo "2444"]
[Result "1/2-1/2"]
[EventDate "2007.08.18"]
[PlyCount "42"]
1. e4 e5 2. Nf3 Nc6 3. Bb5 Nf6 4. d3 Bc5 5. O-O d6 6. c3 a6 7. Ba4 Ba7 8. Bg5 h6 9. Bh4 g5 10. Bg3 Bg4 11. Nbd2 Nh5 12. Bxc6+ bxc6 13. Qa4 Nxg3 14. hxg3 Bd7 15. Nc4 h5 16. d4 c5 17. Qxa6 cxd4 18. Qb7 Qb8 19. Qd5 Be6 20. Qc6+ Bd7 21. Qd5 Be6 1/2-1/2

[Event "43rd Rubinstein Memorial"]
[Site "Polanica Zdroj POL"]
[Date "2007.08.22"]
[Round "5"]
[White "Kuzubov, Yuriy"]
[Black "Markowski, Tomasz"]
[WhiteElo "2663"]
[BlackElo "2595"]
[Result "0-1"]
[EventDate "2007.08.18"]
[PlyCount "130"]
1. d4 c5 2. d5 d6 3. c4 e5 4. e4 Be7 5. Nf3 Nf6 6. Nc3 Nbd7 7. Bd3 O-O 8. O-O Ne8 9. h3 Kh8 10. a3 g6 11. Bh6 Ng7 12. Qd2 Nf6 13. b4 b6 14. Rab1 Ng8 15. Bxg7+ Kxg7 16. bxc5 bxc5 17. Rb3 Nf6 18. Rfb1 Qa5 19. Nb5 Qxd2 20. Nxd2 Ne8 21. Nc3 Ba6 22. R3b2 Bd8 23. Nf1 Ba5 24. Nd1 Nf6 25. Nfe3 Nd7 26. Kf1 Rab8 27. Rxb8 Rxb8 28. Rxb8 Nxb8 29. Ke2 Nd7 30. Bc2 Nb6 31. Kd3 Bc8 32. Nc3 a6 33. Na4 Nd7 34. Nb2 Nf6 35. Bd1 Be1 36. Ke2 Bc3 37. Na4 Ba5 38. Bc2 Ng8 39. Nb2 h5 40. h4 Ne7 41. Nbd1 f5 42. exf5 gxf5 43. g3 Kf6 44. Ng2 Bd7 45. Nb2 Bc3 46. Na4 Ba5 47. Nb2 Ng6 48. f3 Bc3 49. Na4 Bxa4 50. Bxa4 Bb2 51. Be8 Bxa3 52. f4 Bc1 53. Kf3 a5 54. Ba4 Ke7 55. Bc2 e4+ 56. Ke2 Nf8 57. Kd1 Bb2 58. Kd2 Nd7 59. Bd1 Nb6 60. Ne3 Kf6 61. Bxh5 a4 62. Bd1 Bd4 63. g4 fxg4 64. Nxg4+ Kf5 65. Nh6+ Kxf4 0-1

[Event "43rd Rubinstein Memorial"]
[Site "Polanica Zdroj POL"]
[Date "2007.08.22"]
[Round "5"]
[White "Laznicka, Viktor"]
[Black "Gajewski, Grzegorz"]
[WhiteElo "2045"]
[BlackElo "2344"]
[Result "1/2-1/2"]
[EventDate "2007.08.18"]
[PlyCount "68"]
1. d4 Nf6 2. c4 e6 3. Nf3 c5 4. d5 b5 5. Bg5 exd5 6. cxd5 d6 7. e3 a6 8. a4 b4 9. Nbd2 Be7 10. Nc4 a5 11. Bd3 O-O 12. O-O Bb7 13. e4 Nxd5 14. exd5 Bxg5 15. Qc2 Bxd5 16. Bxh7+ Kh8 17. Be4 Bxe4 18. Qxe4 d5 19. Qg4 Bh6 20. Rad1 Nc6 21. Qh5 Nd4 22. Nxd4 dxc4 23. Ne6 fxe6 24. Rxd8 Raxd8 25. g4 Rd5 26. Qg6 Rf6 27. Qe4 c3 28. bxc3 bxc3 29. h4 Rd4 30. Qe2 Rd2 31. Qc4 Rd4 32. Qe2 Rd2 33. Qc4 Rd4 34. Qe2 Bd2 1/2-1/2

[Event "43rd Rubinstein Memorial"]
[Site "Polanica Zdroj POL"]
[Date "2007.08.23"]
[Round "6"]
[White "Atalik, Suat"]
[Black "Kuzubov, Yuriy"]
[WhiteElo "2543"]
[BlackElo "2663"]
[Result "1/2-1/2"]
[EventDate "2007.08.18"]
[PlyCount "56"]
1. d4 d5 2. c4 c6 3. Nc3 Nf6 4. e3 a6 5. Qc2 g6 6. Bd3 Bg7 7. Nf3 O-O 8. O-O Nbd7 9. cxd5 Nxd5 10. Nxd5 cxd5 11. Bd2 e5 12. dxe5 Nxe5 13. Nxe5 Bxe5 14. Bc3 Bxc3 15. Qxc3 Qb6 16. Rfc1 Be6 17. h4 Rfd8 18. Qd4 Qxd4 19. exd4 Rac8 20. f3 h6 21. Kf2 Kf8 22. a4 a5 23. Ke3 Rxc1 24. Rxc1 Rc8 25. Rc5 b6 26. Rb5 Rc6 27. f4 Ke7 28. Rb3 Bd7 1/2-1/2

[Event "43rd Rubinstein Memorial"]
[Site "Polanica Zdroj POL"]
[Date "2007.08.23"]
[Round "6"]
[White "Buhmann, Rainer"]
[Black "Bartel, Mateusz"]
[WhiteElo "2444"]
[BlackElo "2392"]
[Result "1/2-1/2"]
[EventDate "2007.08.18"]
[PlyCount "108"]
1. Nf3 d5 2. d4 Nf6 3. c4 e6 4. g3 dxc4 5. Bg2 Bb4+ 6. Bd2 a5 7. O-O O-O 8. Bg5 b5 9. a4 c6 10. Ne5 Ra6 11. Nc3 h6 12. Bxf6 gxf6 13. Ng4 e5 14. e3 Kg7 15. h3 Bxc3 16. bxc3 Qe7 17. Qc2 Bxg4 18. hxg4 Nd7 19. Rfb1 Rb8 20. Rb2 Qe6 21. Be4 Nf8 22. Bf5 Qd6 23. Rd1 Rab6 24. dxe5 Qxe5 25. Rd4 Qc5 26. Qe4 Qa3 27. Rc2 Qxa4 28. Rd6 c5 29. Qe7 Rxd6 30. Qxd6 Re8 31. Qxc5 Re5 32. Qc8 Qa3 33. Kh2 Qc5 34. Qa6 a4 35. Rb2 Qd5 36. e4 Qd3 37. Rxb5 Rxb5 38. Qxb5 Qxc3 39. Qxa4 Qd4 40. Kg2 Qc5 41. Qc2 Qd4 42. Kf3 Ne6 43. Bxe6 fxe6 44. Ke2 c3 45. Qd3 e5 46. Qc2 Kf8 47. f3 Ke7 48. Qa2 Kd7 49. Qd5+ Qxd5 50. exd5 Kd6 51. Kd3 Kxd5 52. Kxc3 e4 53. Kd2 Kd4 54. fxe4 Kxe4 1/2-1/2

[Event "43rd Rubinstein Memorial"]
[Site "Polanica Zdroj POL"]
[Date "2007.08.23"]
[Round "6"]
[White "Czarnota, Pawel"]
[Black "Andriasian, Zaven"]
[WhiteElo "2140"]
[BlackElo "2622"]
[Result "1/2-1/2"]
[EventDate "2007.08.18"]
[PlyCount "29"]
1. e4 c5 2. Nf3 d6 3. d4 cxd4 4. Nxd4 Nf6 5. Nc3 a6 6. Be3 e5 7. Nf3 Be7 8. Bc4 O-O 9. O-O Nc6 10. Re1 Be6 11. Nd5 Bxd5 12. exd5 Na5 13. Bf1 Qc7 14. b3 b5 15. c4 1/2-1/2

[Event "43rd Rubinstein Memorial"]
[Site "Polanica Zdroj POL"]
[Date "2007.08.23"]
[Round "6"]
[White "Gajewski, Grzegorz"]
[Black "Socko, Bartosz"]
[WhiteElo "2344"]
[BlackElo "2557"]
[Result "1/2-1/2"]
[EventDate "2007.08.18"]
[PlyCount "283"]
1. d4 Nf6 2. c4 e6 3. Nf3 b6 4. g3 Ba6 5. Qc2 Bb4+ 6. Bd2 Be7 7. Bg2 c6 8. Bf4 O-O 9. Nbd2 d5 10. O-O Nbd7 11. e4 Nxe4 12. Nxe4 dxe4 13. Ne5 Nxe5 14. dxe5 Qd3 15. Rac1 Qxc2 16. Rxc2 Rfd8 17. Rfc1 c5 18. Bxe4 Rab8 19. Be3 Bb7 20. Bxb7 Rxb7 21. Kf1 Rbd7 22. Ke2 f6 23. exf6 gxf6 24. g4 f5 25. h3 Kf7 26. Rd2 Rxd2+ 27. Bxd2 Rxd2+ 28. Kxd2 Bg5+ 29. Kc2 Bxc1 30. Kxc1 Kf6 31. f4 e5 32. g5+ Kg6 33. fxe5 Kxg5 34. Kd2 f4 35. Kd3 Kf5 36. e6 Kxe6 37. Ke4 f3 38. Kxf3 Kf5 39. b3 Ke5 40. Kg4 Kd4 41. h4 Kc3 42. Kg5 Kb2 43. Kh6 Kxa2 44. Kxh7 Kxb3 45. h5 b5 46. cxb5 c4 47. h6 c3 48. Kg6 c2 49. h7 c1=Q 50. h8=Q Qc2+ 51. Kg5 Qc5+ 52. Kf4 Qxb5 53. Qh1 Qc4+ 54. Ke5 Qc3+ 55. Ke6 a5 56. Qb1+ Ka3 57. Kd7 a4 58. Kd8 Qb3 59. Qa1+ Kb4 60. Qd4+ Qc4 61. Qd2+ Kb5 62. Qd7+ Kb6 63. Qe6+ Kc5 64. Qe7+ Kd4 65. Qf6+ Ke4 66. Qg6+ Ke3 67. Qg3+ Kd2 68. Qf2+ Kd1 69. Qg1+ Kc2 70. Qf2+ Kb3 71. Qe3+ Qc3 72. Qe6+ Kb2 73. Ke8 Qh8+ 74. Kf7 Qd4 75. Qe2+ Kc3 76. Qf3+ Kd2 77. Qg2+ Ke1 78. Kg8 Qc4+ 79. Kh7 Qd3+ 80. Kg8 a3 81. Qg1+ Kd2 82. Qf2+ Kc3 83. Qf6+ Kc2 84. Qf2+ Kc1 85. Qa2 Qc3 86. Kf8 Qh8+ 87. Ke7 Qg7+ 88. Ke8 Qc3 89. Kf8 Qb4+ 90. Ke8 Kd1 91. Qd5+ Kc2 92. Qa2+ Kc3 93. Qa1+ Kd2 94. Qa2+ Ke3 95. Kf7 Qc3 96. Qe6+ Kf2 97. Kg8 Qg3+ 98. Kh8 Qe3 99. Qf7+ Ke1 100. Qc4 Kd1 101. Qa2 Qc3+ 102. Kg8 Kc1 103. Kf8 Qf6+ 104. Ke8 Qd6 105. Qc4+ Kd2 106. Qa2+ Ke3 107. Kf7 Qc7+ 108. Kf8 Qb8+ 109. Ke7 Qb4+ 110. Ke8 Qb5+ 111. Ke7 Qc5+ 112. Ke8 Kd3 113. Qb1+ Kd2 114. Qa2+ Kc3 115. Qa1+ Kb4 116. Qe1+ Kb5 117. Qe2+ Kb6 118. Qe6+ Qc6+ 119. Kd8 Kc5 120. Qe3+ Kb4 121. Qd4+ Kb3 122. Qd3+ Qc3 123. Qd1+ Kb2 124. Qe2+ Kc1 125. Ke8 Qc6+ 126. Ke7 Qb7+ 127. Kf8 Qb4+ 128. Ke8 Qa4+ 129. Kf8 a2 130. Qe1+ Qd1 131. Qc3+ Qc2 132. Qe1+ Kb2 133. Qb4+ Qb3 134. Qd2+ Kb1 135. Qe1+ Kc2 136. Qe2+ Kc3 137. Qe3+ Kb4 138. Qb6+ Ka3 139. Qa5+ Kb2 140. Qd2+ Kb1 141. Qe1+ Kc2 142. Qe2+ 1/2-1/2

[Event "43rd Rubinstein Memorial"]
[Site "Polanica Zdroj POL"]
[Date "2007.08.24"]
[Round "7"]
[White "Andriasian, Zaven"]
[Black "Buhmann, Rainer"]
[WhiteElo "2622"]
[BlackElo "2444"]
[Result "1/2-1/2"]
[EventDate "2007.08.18"]
[PlyCount "41"]
1. e4 e5 2. Nf3 Nc6 3. Bb5 Nf6 4. d3 d6 5. c3 Be7 6. O-O O-O 7. Nbd2 a6 8. Ba4 b5 9. Bc2 Nb8 10. d4 Nbd7 11. Re1 Bb7 12. a4 Re8 13. Bd3 c6 14. Nf1 Bf8 15. Ng3 Qc7 16. Nf5 d5 17. dxe5 Nxe4 18. Bxe4 dxe4 19. Rxe4 c5 20. Rg4 g6 21. Bf4 1/2-1/2

[Event "43rd Rubinstein Memorial"]
[Site "Polanica Zdroj POL"]
[Date "2007.08.24"]
[Round "7"]
[White "Bartel, Mateusz"]
[Black "Gajewski, Grzegorz"]
[WhiteElo "2392"]
[BlackElo "2344"]
[Result "1/2-1/2"]
[EventDate "2007.08.18"]
[PlyCount "47"]
1. e4 c5 2. Nf3 d6 3. d4 cxd4 4. Nxd4 Nf6 5. Nc3 a6 6. Be2 e6 7. Be3 Nc6 8. O-O Be7 9. f4 O-O 10. g4 Nxd4 11. Bxd4 e5 12. fxe5 dxe5 13. Bxe5 Bc5+ 14. Kh1 Qxd1 15. Raxd1 Nxg4 16. Bd6 Bxd6 17. Rxd6 Ne5 18. Nd5 Be6 19. Rd1 Bxd5 20. R1xd5 Rfe8 21. c4 Nc6 22. Bf3 Ne5 23. Be2 Nc6 24. Bf3 1/2-1/2

[Event "43rd Rubinstein Memorial"]
[Site "Polanica Zdroj POL"]
[Date "2007.08.24"]
[Round "7"]
[White "Kuzubov, Yuriy"]
[Black "Czarnota, Pawel"]
[WhiteElo "2663"]
[BlackElo "2140"]
[Result "1-0"]
[EventDate "2007.08.18"]
[PlyCount "89"]
1. d4 Nf6 2. c4 g6 3. Nc3 Bg7 4. e4 d6 5. Nf3 O-O 6. Be2 e5 7. Be3 Ng4 8. Bg5 f6 9. Bh4 g5 10. Bg3 Nh6 11. O-O Nd7 12. Qd2 Kh8 13. dxe5 dxe5 14. Rfd1 c6 15. b4 Qe7 16. c5 Nf7 17. Bc4 a5 18. a3 b6 19. b5 cxb5 20. Bd5 Rb8 21. c6 Nc5 22. Nxb5 Bg4 23. Qe3 Rbc8 24. Bxf7 Qxf7 25. Nd6 Qe7 26. Nxc8 Rxc8 27. Rac1 Rxc6 28. Rd2 Bf8 29. Ne1 Qc7 30. f3 Be6 31. Bf2 Kg7 32. Rdc2 Qd7 33. h4 h6 34. Nd3 Rd6 35. Nxc5 Rd1+ 36. Kh2 Bxc5 37. Rxd1 Qxd1 38. Qc3 Bxa3 39. Qc7+ Bf7 40. Rc6 a4 41. Rxb6 Qd2 42. Rb7 Qa2 43. Be3 Bf8 44. Qc6 Qe2 45. Qe6 1-0

[Event "43rd Rubinstein Memorial"]
[Site "Polanica Zdroj POL"]
[Date "2007.08.25"]
[Round "8"]
[White "Andriasian, Zaven"]
[Black "Kuzubov, Yuriy"]
[WhiteElo "2622"]
[BlackElo "2663"]
[Result "1/2-1/2"]
[EventDate "2007.08.18"]
[PlyCount "40"]
1. e4 c5 2. Nf3 Nc6 3. Bb5 g6 4. Bxc6 dxc6 5. d3 Bg7 6. h3 b6 7. Nc3 Nh6 8. Be3 f6 9. Qd2 Nf7 10. O-O-O e5 11. Nh2 Be6 12. f4 exf4 13. Bxf4 Qd7 14. Nf3 O-O-O 15. d4 cxd4 16. Nxd4 Kb7 17. Qe2 Ne5 18. Nf5 Qc7 19. Nxg7 Qxg7 20. Bxe5 fxe5 1/2-1/2